Oregon or Organ - Statistics

General Stats
  • This quiz has been taken 1,106 times
  • The average score is 15 of 18
Answer Stats
Hint Answer % Correct
Colon Organ
94%
Trachea Organ
94%
Nose Organ
93%
Aorta Organ
93%
Keizer Oregon
91%
Dermis Organ
88%
Narrows Oregon
85%
Malin Oregon
83%
Alsea Oregon
83%
Tualatin Oregon
81%
Medulla Organ
81%
Veneta Oregon
80%
Indiola Oregon
78%
Lostine Oregon
78%
Cecum Organ
73%
Ileum Organ
72%
Hilum Organ
53%
Metolius Oregon
50%
No matching quizzes found
Score Distribution
Percent of People with Each Score
Percentile by Number Answered
Your Score History
You have not taken this quiz